LEADER 01343nam0-22004571i-450- 001 990007964580403321 005 20091119105314.0 010 $a88-7959-297-1 035 $a000796458 035 $aFED01000796458 035 $a(Aleph)000796458FED01 035 $a000796458 100 $a20041201d2004----km-y0itay50------ba 101 1 $aita$cfre 102 $aIT 105 $aa---a---001yy 200 1 $aBiologia dello sviluppo$fAlbert Le Moigne, Jean Foucrier 210 $aNapoli$cEdises$dc2004 215 $axviii, 356 p.$cill.$d23 cm 300 $aTit. orig.: Biologie du développement 610 0 $aBiologia dello sviluppo 676 $a574.3 700 1$aLe Moigne,$bAlbert$0287524 701 1$aFoucrier,$bJean$0287525 801 0$aIT$bUNINA$gRICA$2UNIMARC 901 $aBK 912 $a990007964580403321 952 $a574.3-LEM-2$b3718$fSC1 952 $a574.3-LEM-2A$b3319$fSC1 952 $a574.3-LEM-2B$b3320$fSC1 952 $a574.3-LEM-2C$b4266$fSC1 952 $aBL-574.3-(8$b3321$fNAP10 952 $aBL-574.3-(8 a$b3322$fNAP10 952 $aBL-574.3-(8 b$b3323$fNAP10 952 $aBL-574.3-(8 c$b3323$fNAP10 952 $aBL-574.3-(8 d$b4002$fNAP10 952 $aBL-574.3-(8 e$b4871$fNAP10 959 $aSC1 959 $aNAP10 996 $aBiologie du développement$9748002 997 $aUNINA LEADER 01705nam 2200409 450 001 9910146335603321 005 20230828230747.0 010 $a88-8453-259-0 035 $a(CKB)1000000000280312 035 $a(ItFiC)it 05210011 035 $a(MH)009794269-3 035 $a(EXLCZ)991000000000280312 100 $a20051012d2005 uy 0 101 0 $aita 200 13$aIl mondo musulmano e i volti della guerra $econflitto, politica e comunicazione nella storia dell'islam /$fAlessandro Vanoli$b[electronic resource] 210 $aFirenze $cFirenze University Press$d2005 215 $a1 online resource (170 p. ) 225 0$aKykéion studi e testi.$nI,$pScienze delle religioni ;$v1 311 $a88-8453-260-4 320 $aIncludes bibliographical references. 517 $aMondo musulmano e i volti della guerra 517 $aIl mondo musulmano e i volti della guerra : conflitto, politica e comunicazione nella storia dell'Islam 517 $aIl mondo musulmano e i volti della guerra 606 $aWar$xReligious aspects$xIslam 606 $aJihad$xHistory 607 $aIslamic countries$xHistory, Military 615 0$aWar$xReligious aspects$xIslam. 615 0$aJihad$xHistory. 676 $a297 700 $aVanoli$b Alessandro$0515301 801 0$bItFiC 801 1$bItFiC 906 $aBOOK 912 $a9910146335603321 996 $aIl mondo musulmano e i volti della guerra$92429914 997 $aUNINA 999 $aThis Record contains information from the Harvard Library Bibliographic Dataset, which is provided by the Harvard Library under its Bibliographic Dataset Use Terms and includes data made available by, among others the Library of Congress